[Event "PEP 2017"]
[Site "Belgrade SRB"]
[Date "2017.03.09"]
[Round "10"]
[White "Markoja,B"]
[Black "Potpara,N"]
[Result "1-0"]
[WhiteElo "2415"]
[BlackElo "2379"]

1.d4 Nf6 2.c4 c5 3.Nf3 cxd4 4.Nxd4 b6 5.Nc3 Bb7 6.f3 d6 7.e4 e6 8.Be2 Be7
9.O-O O-O 10.Be3 a6 11.Qd2 Qc7 12.Rac1 Nbd7 13.Rfd1 Rac8 14.Qe1 Qb8 15.Kh1
Rfe8 16.Qg1 Bd8 17.Nc2 Bc7 18.Rd2 Kh8 19.Rcd1 Rg8 20.Na4 Nc5 21.Nxb6 Bxb6
22.Rxd6 Ba7 23.b4 Ncxe4 24.Bxa7 Qxd6 25.Rxd6 Nxd6 26.Ne3 Bc6 27.Bd4 Nd7 28.Qd1
Nf5 29.Nxf5 exf5 30.Kg1 f6 31.Qc2 Rge8 32.Kf2 Ne5 33.Qxf5 Bd7 34.Qc2 Nxc4
35.Bxc4 Bb5 36.Bc5 Bxc4 37.Qxc4 Rc6 38.Qd3 Rec8 39.h4 h6 40.Qd5 Kh7 41.Qd7 Kg8
42.Ke3 R8c7 43.Qd5+ Kh7 44.Kd4 {#r} 1-0

[Event "PEP 2017"]
[Site "Belgrade SRB"]
[Date "2017.03.09"]
[Round "10"]
[White "Martic,I SRB"]
[Black "Draskovic,L"]
[Result "0-1"]
[WhiteElo "2367"]
[BlackElo "2458"]

1.e4 c5 2.Nf3 e6 3.d4 cxd4 4.Nxd4 Nf6 5.Nc3 d6 6.g4 h6 7.h3 a6 8.Bg2 Nc6 9.Be3
Be7 10.Qe2 Nxd4 11.Bxd4 e5 12.Be3 Be6 13.O-O-O Rc8 14.Nd5 Nxd5 15.exd5 Bd7
16.Kb1 O-O 17.f4 exf4 18.Bxf4 Bf6 19.Qf2 Rc5 20.c3 Ba4 21.Rc1 Bb5 22.Qg3 Bh4
23.Qh2 Re8 24.Bxd6 Bd3+ 25.Ka1 Rb5 26.Be5 Bc4 27.Qf4 Bg5 28.Qxc4 Bxc1 29.Rxc1
Rxe5 30.Rd1 Rb6 31.Be4 Qe8 32.Bb1 Qb5 33.Qxb5 axb5 34.a3 Rd6 35.Ba2 Re3 36.Bb3
Rxh3 37.Rd4 Rh4 38.Rb4 h5 39.gxh5 Rxb4 40.axb4 Kh7 {#R} 0-1

[Event "PEP 2017"]
[Site "Belgrade SRB"]
[Date "2017.03.09"]
[Round "10"]
[White "Tuna,Alp"]
[Black "Radovanovic,Mihajlo"]
[Result "1-0"]
[WhiteElo "2285"]
[BlackElo "2376"]

1.e4 c5 2.Nf3 d6 3.d4 cxd4 4.Nxd4 Nf6 5.Nc3 a6 6.Bg5 e6 7.f4 Nc6 8.Nxc6 bxc6
9.e5 h6 10.Bh4 g5 11.fxg5 Nd5 12.Ne4 Qb6 13.c3 Qe3+ 14.Qe2 dxe5 15.Nf6+ Kd8
16.g6 Qxe2+ 17.Bxe2 Kc7 18.Ne8+ Kb8 19.g7 Bxg7 20.Nxg7 Rg8 21.Nh5 f5 22.Nf6
Rxg2 23.Nxd5 exd5 24.Bf6 e4 25.Be5+ Kb7 26.Bg3 f4 27.Bxf4 Bd7 28.Be3 Rag8
29.Kd2 Bg4 30.Rae1 Bf3 31.Rhg1 h5 32.Bf2 h4 33.Rxg2 Rxg2 34.Bxh4 Rxh2 35.Be7
Kb6 36.b4 Bxe2 37.Rxe2 Rxe2+ 38.Kxe2 Kb5 39.Ke3 Kc4 40.Bf6 c5 41.bxc5 Kxc5
42.Be7+ Kc4 43.Bb4 d4+ 44.cxd4 Kxb4 45.Kxe4 Kb5 46.Kd5 a5 47.Ke6 Kb4 48.d5 Ka3
49.d6 Kxa2 50.d7 a4 51.d8=Q a3 52.Qd4 Kb1 53.Qb4+ Ka2 54.Qc3 {#r} 1-0

[Event "ch-TUR w 2017"]
[Site "Aksu TUR"]
[Date "2017.03.09"]
[Round "6.1"]
[White "Atalik,E"]
[Black "Yildiz,B"]
[Result "1-0"]
[WhiteElo "2435"]
[BlackElo "2370"]

1.d4 d5 2.c4 e6 3.Nc3 Nf6 4.cxd5 exd5 5.Bg5 Be7 6.e3 c6 7.Bd3 Nbd7 8.Bf4 Nf8
9.h3 Ng6 10.Bg3 Bd6 11.Bxd6 Qxd6 12.Nf3 O-O 13.Qc2 Re8 14.O-O-O b5 15.g4 a5
16.g5 Nd7 17.h4 Ngf8 18.h5 b4 19.Na4 Ba6 20.Bxa6 Rxa6 21.Kb1 Nb6 22.Qd3 Rea8
23.Nc5 R6a7 24.Ne5 Nbd7 25.Ncxd7 Nxd7 26.f4 f6 27.gxf6 Nxf6 28.Rc1 Rc7 29.Rc2
c5 30.dxc5 Rxc5 31.Rxc5 Qxc5 32.Rc1 Qa7 33.h6 Re8 34.Rg1 Re7 35.Nc6 Rxe3
36.Qf5 Qa6 37.Ne5 Rg3 38.Rxg3 Qf1+ 39.Kc2 Qf2+ 40.Kb3 Qxg3+ 41.Ka4 Kf8 42.Qe6
{#r} 1-0

[Event "ch-TUR w 2017"]
[Site "Aksu TUR"]
[Date "2017.03.09"]
[Round "6.2"]
[White "Gyokbulut,Julia"]
[Black "Isgandarova,K"]
[Result "0-1"]
[WhiteElo "2016"]
[BlackElo "2194"]

1.d4 Nf6 2.c4 e6 3.Nc3 c5 4.d5 exd5 5.cxd5 d6 6.Nf3 g6 7.e3 Bg7 8.Be2 O-O
9.O-O a6 10.a4 Nbd7 11.Nd2 Qe7 12.Nc4 b6 13.e4 Nxe4 14.Nxe4 Qxe4 15.Nxd6 Qe5
16.Nxc8 Rfxc8 17.Ra3 c4 18.Re1 Qd6 19.g3 b5 20.Bg4 f5 21.Re6 Qb4 22.Bf3 Nc5
23.Rae3 Nxe6 24.dxe6 Ra7 25.Qd5 Re7 26.axb5 axb5 27.Re2 Qc5 28.Bg5 Qxd5
29.Bxd5 Kf8 30.Kg2 Rc5 31.Bxe7+ Kxe7 32.Rd2 Bxb2 33.Bxc4 bxc4 34.Rxb2 Kxe6
35.Kf3 c3 36.Rc2 Kd5 37.Ke3 Kc4 38.Rc1 Re5+ 39.Kf4 Re7 40.f3 Kd3 41.Rd1+ Ke2
42.Rd8 Rc7 {#R} 0-1

[Event "72nd ch-AZE 2017"]
[Site "Baku AZE"]
[Date "2017.03.09"]
[Round "3.1"]
[White "Iskandarov,M"]
[Black "Rasulov,Vu"]
[Result "0-1"]
[WhiteElo "2426"]
[BlackElo "2506"]

1.d4 d5 2.Nf3 Nf6 3.c4 c6 4.Nc3 dxc4 5.a4 Bf5 6.e3 e6 7.Bxc4 Bb4 8.O-O O-O
9.h3 h6 10.Qe2 Bh7 11.Rd1 Nbd7 12.Ne1 a5 13.Bd3 Bxd3 14.Nxd3 Qe7 15.Bd2 e5
16.dxe5 Nxe5 17.Be1 Nxd3 18.Rxd3 Nd7 19.Rd4 Nc5 20.Rad1 Rfd8 21.Qc4 Ne6
22.Rxd8+ Rxd8 23.Rxd8+ Qxd8 24.Kf1 Nc5 25.Ke2 Qf6 26.Nd1 Qe6 27.Qxe6 fxe6
28.Bxb4 axb4 29.a5 Kf7 30.f4 Nb3 31.a6 bxa6 32.Kd3 a5 33.Kc4 Nd2+ 34.Kc5 Nf1
35.b3 Nd2 36.Kxc6 Nxb3 37.Kb5 e5 38.fxe5 Ke6 39.Ka4 Nc5+ 40.Kxa5 Nd3 41.Kb5
Kxe5 42.Kc4 Ke4 43.g4 g5 44.Kb3 Kd5 45.Kc2 Kc4 46.Kd2 b3 47.e4 b2 48.Kc2 Kd4
49.e5 Kxe5 50.Ne3 Kf4 51.Nf5 h5 52.Nd4 hxg4 53.hxg4 Kxg4 54.Ne2 Kf3 55.Nc3 g4
{#R} 0-1

[Event "72nd ch-AZE 2017"]
[Site "Baku AZE"]
[Date "2017.03.09"]
[Round "3.2"]
[White "Abasov,N"]
[Black "Akhmedov,F"]
[Result "1-0"]
[WhiteElo "2583"]
[BlackElo "2165"]

1.e4 b6 2.c4 Bb7 3.Nc3 e6 4.d4 Bb4 5.Qc2 Ne7 6.Bd3 O-O 7.Ne2 Bxc3+ 8.bxc3 d6
9.O-O Nd7 10.e5 dxe5 11.Bxh7+ Kh8 12.Be4 Bxe4 13.Qxe4 Ng6 14.Rd1 Qh4 15.Qxh4+
Nxh4 16.a4 Ng6 17.d5 exd5 18.cxd5 Rfd8 19.c4 Nc5 20.Be3 Nb3 21.Ra3 Na5 22.Rc3
c6 23.Ng3 f6 24.Nf5 c5 25.Bd2 Nb7 26.Rg3 Kh7 27.Rb1 Rd7 28.a5 Nd6 29.Nxd6 Rxd6
30.Rgb3 Rb8 31.Be3 Ra8 32.h3 Rd7 33.axb6 axb6 34.Rxb6 Ra4 35.Rc1 Nf4 36.Bxf4
exf4 37.Rc6 Ra5 38.Re1 Kg6 39.d6 Kf5 40.Re7 Rxe7 41.dxe7 Ra1+ 42.Kh2 Re1
43.Rxc5+ Kg6 44.Rc7 Kf7 45.e8=Q+ Kxe8 46.Rxg7 Re2 47.f3 {#r} 1-0

[Event "72nd ch-AZE 2017"]
[Site "Baku AZE"]
[Date "2017.03.09"]
[Round "3.4"]
[White "Idrisov,T"]
[Black "Sevdimaliev,U"]
[Result "0-1"]
[WhiteElo "2315"]
[BlackElo "2376"]

1.d4 d5 2.c4 dxc4 3.e3 Nf6 4.Bxc4 e6 5.Nf3 c5 6.Nc3 a6 7.a4 Nc6 8.O-O Be7
9.Qe2 cxd4 10.Rd1 O-O 11.exd4 Nb4 12.Bg5 Re8 13.Ne5 Nfd5 14.Bxe7 Qxe7 15.Ne4
b6 16.Ra3 Bb7 17.Rg3 f6 18.Nd3 Nxd3 19.Qxd3 Rac8 20.Bb3 Nb4 21.Qf3 Kh8 22.Qf4
Red8 23.Rh3 Bd5 24.Bxd5 exd5 25.Nc3 Re8 26.Re3 Qd7 27.Rde1 Rxe3 28.Rxe3 Qxa4
29.h4 Qd7 30.h5 h6 31.g3 Re8 32.Rxe8+ Qxe8 33.Qf5 Qc6 34.Ne2 Qc2 35.Qe6 Qe4
36.Qc8+ Kh7 37.Nf4 Nd3 38.Ng6 Qe1+ 39.Kh2 Qxf2+ 40.Kh1 Qf3+ 41.Kh2 Qxh5+
42.Nh4 Qe2+ 43.Kh1 Qe4+ 44.Kh2 Nxb2 45.Qd7 Nd1 46.Nf5 Qe2+ 47.Kg1 Qg4 48.Qxd5
Nc3 49.Qc4 Qd1+ 50.Kg2 Qc2+ 51.Kh1 Qxf5 52.Qxc3 Qd5+ 53.Kh2 a5 54.Qd3+ Kg8
55.Qc3 a4 56.Qc8+ Kf7 57.Qc7+ Kg6 58.Qc2+ f5 59.Qxa4 b5 60.Qb4 Kf7 61.Qc3 g5
62.Qc7+ Kg6 63.Qb6+ Kh5 64.Qc5 Qa2+ 65.Kg1 Qb1+ 66.Kh2 Qb2+ 67.Kg1 Qb1+ 68.Kh2
b4 69.Qe5 Qc2+ 70.Kg1 b3 71.Qe3 b2 72.g4+ fxg4 73.Qe8+ Qg6 {#R} 0-1

[Event "72nd ch-AZE 2017"]
[Site "Baku AZE"]
[Date "2017.03.09"]
[Round "3.5"]
[White "Bayramov,Zaur"]
[Black "Guliev,Sarh"]
[Result "0-1"]
[WhiteElo "2229"]
[BlackElo "2403"]

1.e4 c6 2.d4 d5 3.Nc3 dxe4 4.Nxe4 Bf5 5.Ng3 Bg6 6.Nf3 Nd7 7.h4 h6 8.h5 Bh7
9.Bd3 Bxd3 10.Qxd3 e6 11.Bd2 Qc7 12.O-O-O Ngf6 13.Ne4 O-O-O 14.g3 Nc5 15.Nxc5
Bxc5 16.Bf4 Bd6 17.Bxd6 Rxd6 18.Qe2 Rhd8 19.c4 Qa5 20.b3 c5 21.Qd2 Qa3+ 22.Kb1
Ne4 23.Qc2 f5 24.d5 exd5 25.cxd5 Rxd5 26.Rxd5 Rxd5 27.Rc1 Qb4 28.Qb2 Nd6
29.Re1 Qg4 30.Qe2 Ne4 31.Kb2 Qxh5 32.Qe3 Qg6 33.Rc1 Qd6 34.Ne1 Rd2+ 35.Kb1
Rxf2 36.Nd3 Rf3 {#R} 0-1

[Event "72nd ch-AZE 2017"]
[Site "Baku AZE"]
[Date "2017.03.09"]
[Round "3.6"]
[White "Bayramov,Elvin"]
[Black "Abdulov,Or"]
[Result "0-1"]
[WhiteElo "2280"]
[BlackElo "2384"]

1.e4 e5 2.Nc3 Nf6 3.f4 d5 4.fxe5 Nxe4 5.Nf3 Be7 6.d3 Nxc3 7.bxc3 c5 8.d4 Nc6
9.Be2 O-O 10.O-O Bf5 11.Be3 Qa5 12.c4 cxd4 13.Nxd4 Be4 14.Rb1 dxc4 15.Nxc6
Bxc6 16.e6 Bc5 17.exf7+ Rxf7 18.Bxc4 Bxe3+ 19.Kh1 Rf8 20.Qe2 Qd2 21.Rxf7 Rxf7
22.Bxf7+ Kxf7 23.Rf1+ Kg8 24.Qg4 Qd7 25.Qc4+ Qd5 26.Qg4 h5 27.Qc8+ Kh7 28.Qh3
Bh6 29.Re1 Qxa2 30.Qd3+ g6 31.h3 Bg7 32.Kh2 Qd5 33.Qe2 a5 34.c4 Qd6+ 35.Kh1
Qg3 36.Rd1 Qxh3+ 37.Kg1 Qg4 38.Qd2 Bd4+ {#R} 0-1

[Event "72nd ch-AZE 2017"]
[Site "Baku AZE"]
[Date "2017.03.09"]
[Round "3.7"]
[White "Ahmadzada,Ahmad"]
[Black "Zeynalov,R"]
[Result "1-0"]
[WhiteElo "2343"]
[BlackElo "2237"]

1.e4 c5 2.Nf3 d6 3.d4 cxd4 4.Nxd4 Nf6 5.Nc3 g6 6.Be3 Bg7 7.f3 O-O 8.Qd2 Nc6
9.Bc4 Bd7 10.O-O-O Rc8 11.Bb3 Ne5 12.h4 h5 13.Bh6 Qa5 14.Bxg7 Kxg7 15.Kb1 Rxc3
16.Qxc3 Qxc3 17.bxc3 Rc8 18.Kb2 a5 19.a3 Be8 20.Rb1 Kf8 21.Rhe1 Rc5 22.Ne2
Nfd7 23.Nf4 Nc4+ 24.Bxc4 Rxc4 25.Kc1 Nc5 26.Nd3 Nxd3+ 27.cxd3 Rxc3+ 28.Kd2
Rxa3 29.Rxb7 Ra2+ 30.Ke3 Ba4 31.Re2 Ra3 32.Rbb2 Bb3 33.Kd2 a4 34.Re1 Kg7
35.Rc1 Kf6 36.Rc7 Ra1 37.Rc1 Ra3 38.Ke3 e5 39.Kd2 Ke6 40.g4 f6 41.gxh5 gxh5
42.Ke3 f5 43.Ke2 f4 44.Kd2 Ke7 45.Rc7+ Kf6 46.Ra7 Ra1 47.Rxb3 Ra2+ 48.Kc3 axb3
49.Rxa2 bxa2 50.Kb2 Ke6 51.Kxa2 Kd7 52.Kb3 Kc6 53.Kc4 Kc7 54.Kd5 Kd7 55.d4
exd4 56.Kxd4 Ke6 57.Kc4 Ke5 58.Kc3 Kf6 59.Kd3 Ke5 60.Kc4 Ke6 61.Kd4 Ke7 62.Kd5
Kd7 63.e5 dxe5 64.Kxe5 Ke7 65.Kxf4 Kf6 66.Ke4 Ke6 67.f4 Kf6 68.f5 Kf7 69.Ke5
Ke7 70.f6+ Kf7 71.Kf5 Kf8 72.Kg6 {#r} 1-0

[Event "72nd ch-AZE 2017"]
[Site "Baku AZE"]
[Date "2017.03.09"]
[Round "3.9"]
[White "Hasanzade,Toghrul"]
[Black "Guliev,L"]
[Result "1-0"]
[WhiteElo "2377"]
[BlackElo "2365"]

1.e4 c5 2.c3 d5 3.exd5 Qxd5 4.d4 Nf6 5.Nf3 e6 6.Bd3 Be7 7.Be3 cxd4 8.cxd4 Nc6
9.Nc3 Qd6 10.a3 O-O 11.O-O b6 12.Qe2 Bb7 13.h3 Rac8 14.Rad1 Rfd8 15.Rfe1 h6
16.Bb1 Bf8 17.Bc1 Nd5 18.Qe4 g6 19.Qg4 Nxc3 20.bxc3 Bg7 21.Bxg6 fxg6 22.Rxe6
Qf8 23.Rde1 Rd6 24.Bxh6 Rxe6 25.Qxe6+ Qf7 26.Qxf7+ Kxf7 27.Ng5+ Kg8 28.Bxg7
Kxg7 29.d5 Nd8 30.d6 Rc6 31.Re7+ Kf6 32.Ne4+ Kf5 33.Re8 Nf7 34.d7 Rc7 35.Nd6+
Kf6 36.Nxf7 Rxd7 37.Ne5 Rd1+ 38.Kh2 Ra1 39.Ng4+ Kf7 40.Rh8 Ke6 41.Rh7 Ba6
42.Rxa7 Rxa3 43.Ne3 Ra5 44.c4 Ra2 45.Rg7 Kf6 46.Rc7 b5 47.cxb5 Bxb5 48.Nd5+
{#r} 1-0

[Event "72nd ch-AZE 2017"]
[Site "Baku AZE"]
[Date "2017.03.09"]
[Round "3.12"]
[White "Zeynalov,F"]
[Black "Soyunlu,N"]
[Result "1-0"]
[WhiteElo "2317"]
[BlackElo "2032"]

1.d4 e6 2.c4 Nf6 3.Nc3 Bb4 4.e3 O-O 5.Ne2 d5 6.a3 Be7 7.cxd5 exd5 8.g3 Re8
9.Bg2 Bf8 10.O-O c6 11.b4 Bf5 12.h3 Nbd7 13.f3 Nb6 14.g4 Bg6 15.Nf4 Qd7 16.h4
h6 17.Nxg6 fxg6 18.Qd3 Qf7 19.Bh3 Be7 20.e4 dxe4 21.fxe4 Qc4 22.Qxc4+ Nxc4
23.g5 Nb6 24.gxf6 Bxf6 25.e5 Bxh4 26.Ne4 Nc4 27.Nc5 {#r} 1-0

[Event "ISEM URLA GM 2017"]
[Site "Izmir TUR"]
[Date "2017.03.09"]
[Round "3.1"]
[White "Palac,M"]
[Black "Arat,Uf"]
[Result "1-0"]
[WhiteElo "2582"]
[BlackElo "2382"]

1.e4 c6 2.d4 d5 3.e5 Bf5 4.Nf3 e6 5.Be2 c5 6.Be3 cxd4 7.Nxd4 Ne7 8.O-O Nbc6
9.Bb5 a6 10.Bxc6+ bxc6 11.c4 dxc4 12.Qa4 Be4 13.Nd2 Bd5 14.Rac1 Nc8 15.Nxc4
Qd7 16.Rfd1 Be7 17.Ne2 O-O 18.Na5 Rb8 19.Nf4 Rb4 20.Qc2 Rb5 21.Nxc6 Qxc6
22.Qxc6 Bxc6 23.Rxc6 Rxe5 24.Rxa6 Bf6 25.b4 Ne7 26.Bc5 Rc8 27.Kf1 Nf5 28.Ra7
Re4 29.Ne2 h5 30.a4 Be5 31.Rad7 Bxh2 32.Rd8+ Rxd8 33.Rxd8+ Kh7 34.a5 Bd6 35.f3
Bxc5 36.fxe4 Ne3+ 37.Kf2 Ng4+ 38.Kg3 Bxb4 39.a6 Be1+ 40.Kf3 Ne5+ 41.Kf4 f6
42.Ke3 Ba5 43.Rb8 Bb6+ 44.Rxb6 Nc4+ 45.Kd4 Nxb6 46.a7 {#r} 1-0

[Event "ISEM URLA GM 2017"]
[Site "Izmir TUR"]
[Date "2017.03.09"]
[Round "3.2"]
[White "Nevednichy,V"]
[Black "Koksal,E"]
[Result "1-0"]
[WhiteElo "2547"]
[BlackElo "2369"]

1.Nf3 d5 2.g3 Nf6 3.Bg2 c6 4.d3 Bg4 5.h3 Bh5 6.g4 Bg6 7.Nh4 e5 8.e3 Bc5 9.Nd2
Nbd7 10.Qe2 Ng8 11.Nxg6 hxg6 12.c4 dxc4 13.Nxc4 Bb4+ 14.Bd2 Qe7 15.Bxb4 Qxb4+
16.Qd2 Qxd2+ 17.Kxd2 Rb8 18.b4 Ke7 19.a4 Ngf6 20.Rhb1 Rhc8 21.b5 Nd5 22.Na5
N7b6 23.bxc6 bxc6 24.Nxc6+ Rxc6 25.Bxd5 Rd6 26.Bg2 f5 27.a5 Nd7 28.Rxb8 Nxb8
29.Rb1 Nd7 30.Rb5 Ke6 31.Kc3 a6 32.Rb7 Nc5 33.Rxg7 Kf6 34.Rc7 Nxd3 35.Rc6
Rxc6+ 36.Bxc6 Nxf2 37.gxf5 Kxf5 38.Bb7 Ke6 39.Bxa6 Kd6 40.h4 Kc5 41.Bd3 Ng4
42.Kd2 Nh6 43.Ke2 Ng8 44.Kf3 Ne7 45.Kg4 Nd5 46.Bxg6 Nxe3+ 47.Kg5 Ng2 48.h5 e4
49.Bxe4 {#r} 1-0

[Event "ISEM URLA GM 2017"]
[Site "Izmir TUR"]
[Date "2017.03.09"]
[Round "3.3"]
[White "Malakhatko,V"]
[Black "Dedebas,Emre Emin"]
[Result "1-0"]
[WhiteElo "2488"]
[BlackElo "2342"]

1.c4 e5 2.Nc3 Bb4 3.Nf3 Nc6 4.d3 Bxc3+ 5.bxc3 d6 6.g3 Nge7 7.Bg2 Be6 8.Rb1 Rb8
9.Ng5 Bd7 10.f4 h6 11.Nf3 exf4 12.gxf4 Ng6 13.O-O Nh4 14.Nxh4 Qxh4 15.f5 Ne5
16.Bf4 Qh5 17.c5 O-O 18.cxd6 cxd6 19.d4 Nc4 20.Qd3 b5 21.e4 Rbc8 22.Qg3 g5
23.Bxd6 Nxd6 24.Qxd6 Rfd8 25.Qg3 Qh4 26.Qxh4 gxh4 27.Rb3 Rc4 28.Rf3 a6 29.Kf2
Rb8 30.a3 a5 31.Bf1 Rc7 32.c4 b4 33.axb4 axb4 34.c5 Ba4 35.Rb2 b3 36.Rc3 Rb4
37.Rc4 Rcb7 38.Ke3 Kg7 39.Kd2 Kf6 40.Rxb4 Rxb4 41.Kc3 Rb8 42.Bc4 Re8 43.e5+
Kxf5 44.Bxf7 Rf8 45.Bxb3 {#r} 1-0

[Event "ISEM URLA GM 2017"]
[Site "Izmir TUR"]
[Date "2017.03.09"]
[Round "4.2"]
[White "Dedebas,Emre Emin"]
[Black "Nevednichy,V"]
[Result "0-1"]
[WhiteElo "2342"]
[BlackElo "2547"]

1.d4 Nf6 2.c4 d6 3.Nc3 e5 4.Nf3 Nbd7 5.e4 g6 6.Be2 Bg7 7.O-O O-O 8.Qc2 Nh5
9.Rd1 Nf4 10.Bf1 c5 11.dxe5 dxe5 12.Be3 Ne6 13.Nd5 a5 14.g3 Ra6 15.Bg2 Nd4
16.Qd2 Nb6 17.Rac1 Nxd5 18.cxd5 Bg4 19.Bxd4 cxd4 20.h3 Bxf3 21.Bxf3 h5 22.h4
Kh7 23.Qe2 f5 24.Rd3 a4 25.Kg2 f4 26.Qc2 fxg3 27.fxg3 Rf7 28.Qc8 Qe7 29.Qc5
Qd7 30.Rf1 Raf6 31.Qc2 Bh6 32.Qe2 Be3 33.Rdd1 Qd6 34.a3 Qf8 35.Rde1 Kh6 36.Rd1
b5 37.Rde1 Kg7 38.Rd1 Qc5 39.Rd3 b4 40.Qd1 b3 41.Qe2 Qc2 {#R} 0-1

[Event "ISEM URLA GM 2017"]
[Site "Izmir TUR"]
[Date "2017.03.09"]
[Round "4.5"]
[White "Arat,Uf"]
[Black "Bagaturov,G"]
[Result "1-0"]
[WhiteElo "2382"]
[BlackElo "2428"]

1.d4 Nf6 2.c4 e6 3.Nc3 d5 4.Nf3 Be7 5.Bg5 h6 6.Bh4 O-O 7.cxd5 Nxd5 8.Bxe7 Qxe7
9.Rc1 c6 10.g3 Nd7 11.Bg2 Nxc3 12.Rxc3 e5 13.dxe5 Nxe5 14.Nd2 Rd8 15.Qc2 Ng4
16.e4 c5 17.h3 Ne5 18.O-O b6 19.f4 Nc6 20.Nc4 Nd4 21.Qf2 Bb7 22.e5 Bxg2
23.Qxg2 f6 24.Re3 Rab8 25.g4 Qe6 26.b3 f5 27.Rg3 Rd7 28.Kh1 Rf8 29.Nd6 fxg4
30.Rxg4 Kh8 31.Rg6 Qe7 32.Qg4 Rxd6 33.Rxd6 Nf5 34.Rd3 Nd4 35.Qg2 Rf5 36.Rg3
Qf7 37.Rg1 Ne6 38.Qa8+ Kh7 39.Qe4 Qh5 40.Qb7 Rf7 41.Qe4+ Rf5 42.Qd3 Kh8 43.Qd7
Qf7 44.Qxf7 Rxf7 45.Rg6 Nxf4 46.Rf1 Kh7 47.Rd6 g5 48.e6 Rg7 49.Re1 Ng6 50.Rd7
Ne7 51.Rxa7 h5 52.Rb7 Kg6 53.Rxb6 g4 54.hxg4 hxg4 55.Rb5 Rh7+ 56.Kg1 {#r} 1-0

[Event "ISEM CESMEALTI GM 2017"]
[Site "Izmir TUR"]
[Date "2017.03.09"]
[Round "3.1"]
[White "Mirzoev,A"]
[Black "Soysal,Serkan"]
[Result "1-0"]
[WhiteElo "2554"]
[BlackElo "2342"]

1.d4 d5 2.Nf3 Nf6 3.c4 c6 4.e3 Bg4 5.h3 Bh5 6.Nc3 e6 7.g4 Bg6 8.Ne5 Nbd7
9.Nxg6 hxg6 10.Bd2 Bb4 11.cxd5 exd5 12.Bg2 Qe7 13.a3 Bxc3 14.Bxc3 Ne4 15.Ba5
Nb6 16.Qc2 f5 17.O-O-O Nc4 18.Be1 O-O-O 19.gxf5 gxf5 20.Kb1 Rde8 21.Bf1 Qe6
22.Rg1 g5 23.Rc1 Kb8 24.Bxc4 dxc4 25.f3 Nd6 26.Bg3 Rxh3 27.Bxd6+ Qxd6 28.Qxf5
Qe6 29.Rxg5 Qxf5+ 30.Rxf5 Rxe3 31.Rf8+ Kc7 32.Rf7+ Kd6 33.Rxc4 Re7 34.Rf5 Rh2
35.a4 Ree2 36.Rb4 b6 37.Rf6+ Re6 38.Rf8 Rf2 39.Ka2 Kd5 40.Rf7 Re3 41.Rd7+ Ke6
42.Rxa7 b5 43.axb5 cxb5 44.Rxb5 Rexf3 45.Ra6+ Kd7 46.Rb7+ Kc8 47.Rh7 Rf7
48.Rxf7 Rxf7 49.Ra5 Rf3 50.b3 Kc7 51.Ka3 Rd3 52.Ra4 Kb6 53.Kb2 Kc6 54.Kc2 Rg3
55.Ra5 Rh3 56.Rc5+ Kb6 57.Rc3 Rh2+ 58.Kd3 Kb5 59.Rc5+ Kb4 60.Re5 Kxb3 61.Rb5+
Ka4 62.Rb8 Ka5 63.Kc4 Rc2+ 64.Kd5 Ka6 65.Kd6 Rh2 66.d5 Ka7 67.Rb1 Rh7 68.Kc6
Ka8 69.d6 Rb7 70.Re1 {#r} 1-0

[Event "ISEM CESMEALTI GM 2017"]
[Site "Izmir TUR"]
[Date "2017.03.09"]
[Round "3.2"]
[White "Benidze,D"]
[Black "Yurtseven,M"]
[Result "1-0"]
[WhiteElo "2515"]
[BlackElo "2316"]

1.Nf3 Nf6 2.b3 g6 3.Bb2 Bg7 4.g3 b6 5.Bg2 Bb7 6.c4 c5 7.O-O O-O 8.Nc3 Nc6 9.e3
d5 10.Rc1 d4 11.exd4 Nxd4 12.Nxd4 Bxg2 13.Ne6 Qc8 14.Kxg2 Qxe6 15.d4 cxd4
16.Qxd4 Qc6+ 17.f3 e6 18.Rcd1 Rfc8 19.Ne4 Ne8 20.Qf2 Bxb2 21.Qxb2 b5 22.c5 a5
23.a3 b4 24.axb4 axb4 25.Rf2 Rd8 26.Rfd2 Rd5 27.Qc2 Rad8 28.Rxd5 Rxd5 29.Rc1
f5 30.Nf2 g5 31.Qc4 g4 32.Qf4 gxf3+ 33.Qxf3 Qb5 34.Qe3 Qc6 35.Kg1 Nf6 36.Nd3
Ng4 37.Qg5+ Kh8 38.Nxb4 Rd1+ 39.Rxd1 Qxc5+ 40.Kh1 {#r} 1-0

[Event "ISEM CESMEALTI GM 2017"]
[Site "Izmir TUR"]
[Date "2017.03.09"]
[Round "3.3"]
[White "Petkov,V"]
[Black "Gokerkan,Cem Kaan"]
[Result "1-0"]
[WhiteElo "2501"]
[BlackElo "2275"]

1.d4 Nf6 2.c4 e6 3.g3 Bb4+ 4.Bd2 Be7 5.Bg2 O-O 6.e4 d5 7.e5 Ne4 8.Ne2 Nxd2
9.Nxd2 dxc4 10.Nxc4 Bb4+ 11.Kf1 Nd7 12.Qc2 Nb6 13.Nxb6 axb6 14.Be4 h6 15.Kg2
Be7 16.Rhd1 c6 17.h4 Bd7 18.Nf4 Qc7 19.Qe2 Kh8 20.Bc2 Rg8 21.Qe4 g6 22.h5 c5
23.d5 exd5 24.Nxd5 Qd8 25.Qf4 Kg7 26.hxg6 fxg6 27.e6 Be8 28.Nc7 Qb8 29.Nxe8+
Qxe8 30.Rd7 Rf8 31.Qc7 Kf6 32.Re1 Qb8 33.Rxe7 {#r} 1-0

[Event "ISEM CESMEALTI GM 2017"]
[Site "Izmir TUR"]
[Date "2017.03.09"]
[Round "4.1"]
[White "Yurtseven,M"]
[Black "Mirzoev,A"]
[Result "1-0"]
[WhiteElo "2316"]
[BlackElo "2554"]

1.e4 e5 2.Nf3 Nc6 3.d4 exd4 4.Nxd4 Bb4+ 5.c3 Bc5 6.Nxc6 bxc6 7.Bd3 d6 8.O-O
Ne7 9.Bg5 h6 10.Bh4 Qd7 11.Nd2 O-O 12.b4 Bb6 13.Nc4 Ng6 14.Bg3 Re8 15.Qc2 Ba6
16.Rad1 Bxc4 17.Bxc4 a5 18.Kh1 Ne5 19.Bb3 Qc8 20.Bxe5 Rxe5 21.f4 Re7 22.e5 Qg4
23.h3 Qh5 24.Qe4 Rf8 25.bxa5 Bxa5 26.Qxc6 Qh4 27.e6 fxe6 28.f5 Bb6 29.fxe6 Rf2
30.Rxf2 Qxf2 31.Bc4 Qc5 32.Qa8+ Kh7 33.Bd3+ g6 34.Qf8 d5 35.Qf6 Rg7 36.Re1 Qd6
37.Qxg7+ Kxg7 38.e7 Bf2 39.e8=Q {#r} 1-0

[Event "ISEM CESMEALTI GM 2017"]
[Site "Izmir TUR"]
[Date "2017.03.09"]
[Round "4.3"]
[White "Erdogdu,M"]
[Black "Petkov,V"]
[Result "1-0"]
[WhiteElo "2456"]
[BlackElo "2501"]

1.e4 c5 2.Nf3 d6 3.d4 cxd4 4.Nxd4 Nf6 5.Nc3 a6 6.g3 e5 7.Nb3 Be7 8.Bg2 Nbd7
9.a4 b6 10.O-O Bb7 11.Re1 h6 12.Nd2 Qc7 13.Nf1 O-O 14.Ne3 Rfe8 15.Nf5 Bf8
16.g4 Nc5 17.h4 Ne6 18.Nd5 Nxd5 19.exd5 Nf4 20.Bxf4 exf4 21.Qd2 g6 22.Nd4 Bg7
23.Nc6 Bxb2 24.Rad1 Bxc6 25.dxc6 Be5 26.Qd3 Kg7 27.Bd5 Qe7 28.Qh3 b5 29.Rb1
Rab8 30.axb5 axb5 31.Kf1 Qf6 32.Re4 Re7 33.Reb4 Rbe8 34.Rxb5 Bd4 35.Qf3 Qxh4
36.Rb7 Qf6 37.Rxe7 Rxe7 38.Rb7 Rxb7 39.cxb7 Ba7 40.Kg2 Qd4 41.c3 Qd2 42.Kh3 g5
43.Bc4 h5 44.Bd3 hxg4+ 45.Kxg4 Qxc3 {#r} 1-0

[Event "66th ch-GRE 2017"]
[Site "Thessaloniki GRE"]
[Date "2017.03.08"]
[Round "5.1"]
[White "Simeonidis,I"]
[Black "Mastrovasilis,A"]
[Result "0-1"]
[WhiteElo "2231"]
[BlackElo "2537"]

1.c4 c5 2.g3 g6 3.Bg2 Bg7 4.e3 Nc6 5.Ne2 Nh6 6.h4 d6 7.Nbc3 Bg4 8.f3 Bd7 9.b3
e6 10.Bb2 Nf5 11.Kf2 d5 12.Qb1 dxc4 13.bxc4 Ne5 14.d3 Bc6 15.Nf4 Nxc4 16.dxc4
Qd2+ 17.Nfe2 Qxe3+ 18.Kf1 O-O-O 19.Qe1 Bxf3 20.Bc1 Qd3 21.Bxf3 Qxf3+ 22.Kg1
Rd3 23.Bd2 Rhd8 24.Rd1 Rxd2 25.Rxd2 Qe3+ 26.Kf1 Rxd2 {#R} 0-1

[Event "66th ch-GRE 2017"]
[Site "Thessaloniki GRE"]
[Date "2017.03.08"]
[Round "5.2"]
[White "Pavlidis,Ant"]
[Black "Kelires,Andreas"]
[Result "0-1"]
[WhiteElo "2532"]
[BlackElo "2508"]

1.e4 e5 2.Nf3 Nc6 3.Bb5 a6 4.Ba4 Nf6 5.O-O Be7 6.Re1 b5 7.Bb3 d6 8.c3 O-O 9.h3
Nb8 10.d4 Nbd7 11.Nbd2 Bb7 12.Bc2 Re8 13.Nf1 Bf8 14.Ng3 exd4 15.cxd4 c5 16.d5
g6 17.Bg5 Bg7 18.a4 Qe7 19.b3 h6 20.Be3 Kh7 21.Rc1 Ne5 22.Nd2 Rac8 23.f4 Ned7
24.axb5 axb5 25.Bd3 Ba6 26.Qe2 Rb8 27.Kh1 Rec8 28.Bf2 Nb6 29.Ra1 Ra8 30.Bxb5
Bxb5 31.Qxb5 Ng4 32.hxg4 Bxa1 33.Qxb6 Bc3 34.Ngf1 Rcb8 35.Qc6 Qd8 36.Nc4 Bxe1
37.Bxe1 Ra1 38.Bg3 Rxf1+ 39.Kh2 Rxb3 40.e5 Rbb1 {#R} 0-1

[Event "66th ch-GRE 2017"]
[Site "Thessaloniki GRE"]
[Date "2017.03.08"]
[Round "5.3"]
[White "Nikolaidis,I"]
[Black "Galopoulos,N"]
[Result "1-0"]
[WhiteElo "2557"]
[BlackElo "2379"]

1.c4 Nf6 2.Nc3 e5 3.Nf3 d6 4.d4 Nbd7 5.e4 exd4 6.Nxd4 g6 7.Be2 Bg7 8.O-O O-O
9.Be3 Re8 10.f3 c6 11.Qd2 Qc7 12.Rfd1 a6 13.Rac1 Ne5 14.b4 c5 15.Nb3 cxb4
16.Na4 Bf8 17.Qxb4 {#r} 1-0

[Event "66th ch-GRE 2017"]
[Site "Thessaloniki GRE"]
[Date "2017.03.08"]
[Round "5.4"]
[White "Karagiannis,A"]
[Black "Kotronias,V"]
[Result "0-1"]
[WhiteElo "2194"]
[BlackElo "2524"]

1.d4 Nf6 2.c4 g6 3.Nc3 Bg7 4.e4 d6 5.Be2 O-O 6.g4 a6 7.g5 Nfd7 8.Be3 c5 9.d5
b5 10.Qd2 Ne5 11.h4 bxc4 12.h5 Nbd7 13.f4 Nd3+ 14.Bxd3 cxd3 15.Qh2 h6 16.Nf3
Rb8 17.gxh6 Bxc3+ 18.bxc3 Kh8 19.Ng5 Nf6 20.hxg6 fxg6 21.O-O Qb6 22.Rad1 Qb5
23.Rd2 Qc4 24.Qg2 Bg4 25.e5 Nxd5 26.Qxg4 Nxe3 27.Qd7 Rxf4 28.Rdf2 Rg4+ {#R}
0-1